Development of an expert system for satellite based mudbank studies using matlab (Record no. 4948)

MARC details
000 -LEADER
fixed length control field 01959nam a22001937a 4500
003 - CONTROL NUMBER IDENTIFIER
control field OSt
005 - DATE AND TIME OF LATEST TRANSACTION
control field 20220107122808.0
008 - FIXED-LENGTH DATA ELEMENTS--GENERAL INFORMATION
fixed length control field 160302b xxu||||| |||| 00| 0 eng d
040 ## - CATALOGING SOURCE
Transcribing agency
100 ## - MAIN ENTRY--PERSONAL NAME
Personal name Shilpa V S (92213013)
9 (RLIN) 8358
245 ## - TITLE STATEMENT
Title Development of an expert system for satellite based mudbank studies using matlab
502 ## - DISSERTATION NOTE
Degree type Master of Science in Computational Science
Name of granting institution 2013-2015
Year degree granted EXT
-- T.K Manoj Kumar
-- L. Sheela Nair (Scientist E)
Miscellaneous information "National Centre for Earth Science Studies (NCESS), Thiruvananthapuram"
520 ## - SUMMARY, ETC.
Summary, etc. Mudbanks, locally called Chakara or zones of biorhythm (Balchand et aI., 1987) are those areas of sea adjoining the coast, which have a special property of dampening the waves resulting in clearly demarcated areas of calm turbid waters during the roughest monsoon period. The main attraction of the mudbank is the excellent fisheries potential they offer to the fishing industry. The mudbanks of Kerala have a significant impact on the socio economic life especially of the coastal community as this phenomenon is usually associated with very high biological productivity and increased fish catch. The technical importance of mudbanks in coastal engineering is that, it influences the shoreline dynamics. Also, they protect the coast from severe erosion. So, it is important for the researchers to study and acquire more knowledge regarding the mudbanks. This study mainly focuses on the developing an expert system in MATLAB, which can be used for the identification of the mudbank locations along the Kerala coast using satellite images and measuring its sizes. In this study, the image processing application of MATLAB is used. The mudbanks were identified using satellite images of MODIS Aqua obtained from NASA/GSFC website.
650 ## - SUBJECT ADDED ENTRY--TOPICAL TERM
Topical term or geographic name entry element INFORMATION SYSTEMS
9 (RLIN) 8359
650 ## - SUBJECT ADDED ENTRY--TOPICAL TERM
Topical term or geographic name entry element INFORMATION SYSTEMS APPLICATIONS
9 (RLIN) 8360
650 ## - SUBJECT ADDED ENTRY--TOPICAL TERM
Topical term or geographic name entry element DECISION SUPPORT SYSTEMS
9 (RLIN) 8361
650 ## - SUBJECT ADDED ENTRY--TOPICAL TERM
Topical term or geographic name entry element EXPERT SYSTEMS
9 (RLIN) 8362
942 ## - ADDED ENTRY ELEMENTS (KOHA)
Source of classification or shelving scheme Dewey Decimal Classification
Koha item type
Holdings
Withdrawn status Lost status Source of classification or shelving scheme Damaged status Not for loan Home library Current library Date acquired Total Checkouts Barcode Date last seen Price effective from Koha item type
    Dewey Decimal Classification     IIITM-K Kerala University of Digital Sciences, Innovation and Technology Knowledge Centre 02/03/2016   R-660 02/03/2016 02/03/2016 Project Reports